US States with Big Cities Quiz Stats

Quiz Updated May 24, 2017

Challenge
Share
Tweet
Embed
Score 0/26 Timer 06:00
6 Plays Today
% Correct
California
98.7%
Florida
96.8%
New York
96.6%
Texas
95%
Illinois
93.4%
Michigan
91.8%
Massachusetts
89.1%
Georgia
88.3%
New Jersey
87.9%
Ohio
87.7%
Arizona
87.4%
North Carolina
85.9%
Colorado
84.5%
% Correct
Virginia
83%
Tennessee
82.1%
Washington
81.3%
Indiana
80.8%
Missouri
73.4%
Louisiana
73%
Oregon
60.2%
Connecticut
58%
Nevada
54.9%
Alabama
53.8%
Oklahoma
53.1%
Kansas
40.6%
Utah
30.9%

You're not logged in!

Compare scores with friends on all Sporcle quizzes.
Sign Up with Email
OR
Log In

You Might Also Like...

Show Comments

Extras

Top Quizzes Today


Score Distribution

Your Account Isn't Verified!

In order to create a playlist on Sporcle, you need to verify the email address you used during registration. Go to your Sporcle Settings to finish the process.